000 00440nam a2200157 i 4500
001 87813
003 ES-MaACL
005 20230906175738.0
007 t|
008 041223s1931 gw ||||1| ger d
100 1 _aKurtz, Martin.
_969068
245 1 0 _aHandbuch der iberischen Bilddrucke des XV Jahrhunderts /
_cMartin Kurtz.
260 _aLeipzig :
_bKarl W. Hiersemann,
_c1931.
300 _a250 p. ;
_c31 cm.
852 _aES-MaACL
_jA-263
999 _c87813
_d87813